000 00274nam a2200097Ia 4500
001 1152250
005 20250827011103.0
008 250824s9999 xx 000 0 und d
245 0 _aBAŞKA AYRILIK AYRI AŞK BİTİŞİK YAZILI
_cKAHRAMAN TAZEOĞLU
260 _bDESTEK YAYINLARI
999 _c1152250
_d1152250